banner-ar

السحر والدين : (Record no. 37254)

MARC details
000 -الفاتح
حقل البيانات ثابتة الطول 00776nam a2200229Ia 4500
005 - وقت وتاريخ اخر تعامل مع التسجيلة
رقم الضبط 20240530103147.0
008 - عناصر البيانات ثابتة الطول - معلومات عامة
حقل البيانات ثابتة الطول 140319s9999 xx 000 0 ara d
040 ## - مصدر الفهرسة
وكالة الفهرسة الأصلية GCL /
وكالة النسخ GCL
082 04 - رقم تصنيف ديوى العشرى
رقم التصنيف 398.47
رقم المادة س س
100 1# - المدخل الرئيسى - إسم شخصى
الإسم الشخصى سلوى على سليم
245 10 - بيان العنوان
العنوان السحر والدين :
بقية العنوان دراسة فى تحليل المضمون /
بيان المسئوليه,etc سلوى على سليم
250 ## - بيان الطبعة
بيان الطبعة ط1
260 ## - PUBLICATION, DISTRIBUTION, ETC. (IMPRINT)
تاريخ النشر أو التوزيع 1989
300 ## - الوصف المادى
التعداد 152 ص ؛
أبعاد الوعاء 24 سم
650 04 - المدخل الاضافى بالموضوع-مصطلح موضوعى
مصطلح موضوعي الشياطين والجان فى الدين والفلكلور
650 04 - المدخل الاضافى بالموضوع-مصطلح موضوعى
مصطلح موضوعي السحر
650 04 - المدخل الاضافى بالموضوع-مصطلح موضوعى
مصطلح موضوعي الفلكلور
650 04 - المدخل الاضافى بالموضوع-مصطلح موضوعى
مصطلح موضوعي العفاريت
650 04 - المدخل الاضافى بالموضوع-مصطلح موضوعى
مصطلح موضوعي الاشباح
942 ## - عناصر المدخل الإضافي( كوها)
مصدر التصنيف او مخطط الترفيف Dewey Decimal Classification
Koha [default] item type كتاب
260 ## - PUBLICATION, DISTRIBUTION, ETC. (IMPRINT)
-- القاهرة :
-- دار التوفيق النموذجية للطباعة والجمع الالى ،
Holdings
حالة التراجع حالة الفقد حالة تلف ليس للاعارة المكان المؤقت الموقع الحالى تاريخ الاكتساب اجمالي اﻻعارات رقم الطلب الباركود تاريخ اخر مشاهدة تاريخ تفعيل السعر نوع وعاء كوها
        مكتبة القاهرة الكبرى مكتبة القاهرة الكبرى 03/26/2014   398.47\س س 90767 03/26/2014 03/26/2014 كتاب
        مكتبة القاهرة الكبرى مكتبة القاهرة الكبرى 03/26/2014   398.47\س س 90768 03/26/2014 03/26/2014 كتاب

Powered By

EGPV